[Event "Niedersachsen-ch U16"]
[Site "Rotenburg"]
[Date "2009.04.09"]
[Round "8"]
[White "Konow, Philipp"]
[Black "Schultheiss, Martin"]
[Result "0-1"]
[WhiteElo "1856"]
[BlackElo "1750"]
[PlyCount "58"]
[EventDate "2009.04.04"]
[EventType "swiss"]
[EventRounds "9"]
[EventCountry "GER"]
[SourceTitle "EXT 2010"]
[Source "ChessBase"]
[SourceDate "2010.11.25"]
[SourceVersion "1"]
[SourceVersionDate "2010.11.25"]
[SourceQuality "1"]

1. Nf3 Nf6 2. d4 c5 3. d5 e6 4. c4 exd5 5. cxd5 d6 6. Nc3 g6 7. e4 Bg7 8. h3 0-0 9. Bd3 Nbd7 10. 0-0 Qe7 11. Bf4 Nh5 12. Bh2 f6 13. g4 Ne5 14. gxh5 Bxh3 15. Nxe5 fxe5 16. Re1 Qg5+ 17. Bg3 Rxf2 18. Ne2 Raf8 19. Qc1 Qg4 20. Qe3 R2f3 21. Qd2 Rxg3+ 22. Nxg3 Qxg3+ 23. Kh1 Rf2 24. Qxf2 Qxf2 25. Bf1 Bxf1 26. Rxf1 Qh4+ 27. Kg1 Qg3+ 28. Kh1 Qh3+ 29. Kg1 Bh6 0-1

[Event "Niedersachsen-ch U16"]
[Site "Rotenburg"]
[Date "2009.04.07"]
[Round "5"]
[White "Knobel, Hannah Bettina"]
[Black "Schultheiss, Martin"]
[Result "1-0"]
[WhiteElo "1392"]
[BlackElo "1750"]
[PlyCount "65"]
[EventDate "2009.04.04"]
[EventType "swiss"]
[EventRounds "9"]
[EventCountry "GER"]
[SourceTitle "EXT 2010"]
[Source "ChessBase"]
[SourceDate "2010.11.25"]
[SourceVersion "1"]
[SourceVersionDate "2010.11.25"]
[SourceQuality "1"]

1. d4 f5 2. Nf3 Nf6 3. Bf4 g6 4. c4 Bg7 5. Nc3 0-0 6. e3 d6 7. Bd3 Qe8 8. h3 c6 9. Qe2 Nbd7 10. 0-0 e5 11. Bh2 e4 12. Bxd6 exd3 13. Qxd3 Rf7 14. Ng5 Nb6 15. Nxf7 Qxf7 16. b3 Nh5 17. Rab1 f4 18. e4 Bd7 19. Rbe1 g5 20. Qd1 Kh8 21. e5 Be6 22. Ne4 Nd7 23. Nxg5 Qg6 24. Nxe6 Qxe6 25. Qxh5 Rg8 26. Qf3 Bh6 27. Qd3 Nf8 28. Bxf8 Rxf8 29. d5 Qe7 30. e6 f3 31. g3 Qd6 32. Qe4 Bd2 33. Qe5+ 1-0

[Event "Niedersachsen-ch U16"]
[Site "Rotenburg"]
[Date "2009.04.07"]
[Round "6"]
[White "Schultheiss, Martin"]
[Black "Kingerter, Kjell"]
[Result "1-0"]
[WhiteElo "1750"]
[BlackElo "1119"]
[PlyCount "43"]
[EventDate "2009.04.04"]
[EventType "swiss"]
[EventRounds "9"]
[EventCountry "GER"]
[SourceTitle "EXT 2010"]
[Source "ChessBase"]
[SourceDate "2010.11.25"]
[SourceVersion "1"]
[SourceVersionDate "2010.11.25"]
[SourceQuality "1"]

1. e4 e6 2. d4 c5 3. Nf3 d5 4. Bb5+ Nc6 5. exd5 exd5 6. dxc5 Bxc5 7. 0-0 Nge7 8. Bg5 0-0 9. c3 Qb6 10. Bxc6 bxc6 11. Qb3 Ba6 12. Qxb6 axb6 13. Re1 Nf5 14. Nbd2 Rfe8 15. Nb3 Bd6 16. Nbd4 Nxd4 17. Nxd4 c5 18. Nf5 Bc7 19. Ne7+ Kf8 20. Nxd5 Ra7 21. Be7+ Kg8 22. Bxc5 1-0

[Event "Niedersachsen-ch op"]
[Site "Verden"]
[Date "2009.01.04"]
[Round "3"]
[White "Schultheiss, Martin"]
[Black "Brumund, Laslo Mathis"]
[Result "1-0"]
[WhiteElo "1741"]
[BlackElo "934"]
[PlyCount "55"]
[EventDate "2009.01.03"]
[EventType "swiss"]
[EventRounds "7"]
[EventCountry "GER"]
[SourceTitle "EXT 2012"]
[Source "ChessBase"]
[SourceDate "2011.11.24"]
[SourceVersion "1"]
[SourceVersionDate "2011.11.24"]
[SourceQuality "1"]

1. e4 e5 2. Bc4 Nf6 3. d3 Bc5 4. Nc3 0-0 5. f4 d6 6. Nf3 Nc6 7. Na4 Na5 8. Bb3 Nxb3 9. axb3 b6 10. Nxc5 bxc5 11. fxe5 Nd7 12. exd6 cxd6 13. 0-0 Ne5 14. Nxe5 dxe5 15. Be3 Qd6 16. Ra5 Qg6 17. Bxc5 Bh3 18. Qf3 Bg4 19. Qg3 Rfe8 20. Rxa7 Rxa7 21. Bxa7 f6 22. h3 Be2 23. Qxg6 hxg6 24. Rf2 Bxd3 25. cxd3 Rd8 26. Rd2 Rd7 27. Bc5 Rb7 28. b4 1-0

[Event "Niedersachsen-ch op"]
[Site "Verden"]
[Date "2009.01.03"]
[Round "2"]
[White "Brinkmann, Fabian"]
[Black "Schultheiss, Martin"]
[Result "1-0"]
[WhiteElo "1469"]
[BlackElo "1741"]
[PlyCount "29"]
[EventDate "2009.01.03"]
[EventType "swiss"]
[EventRounds "7"]
[EventCountry "GER"]
[SourceTitle "EXT 2012"]
[Source "ChessBase"]
[SourceDate "2011.11.24"]
[SourceVersion "1"]
[SourceVersionDate "2011.11.24"]
[SourceQuality "1"]

1. d4 f5 2. h3 Nf6 3. g4 fxg4 4. hxg4 d6 5. Qd3 Nc6 6. g5 Nd5 7. Rxh7 Rxh7 8. Qg6+ Kd7 9. Qxh7 Nxd4 10. Bh3+ e6 11. Qe4 Nb4 12. Bxe6+ Nxe6 13. Qxb4 Nxg5 14. Qb5+ c6 15. Qxg5 1-0

[Event "Niedersachsen-ch U16"]
[Site "Rotenburg"]
[Date "2008.03.16"]
[Round "2"]
[White "Althoff, Simon"]
[Black "Schultheiss, Martin"]
[Result "0-1"]
[WhiteElo "1442"]
[BlackElo "1630"]
[PlyCount "96"]
[EventDate "2008.03.15"]
[EventType "swiss"]
[EventRounds "9"]
[EventCountry "GER"]
[SourceTitle "EXT 2009"]
[Source "ChessBase"]
[SourceDate "2008.11.26"]
[SourceVersion "1"]
[SourceVersionDate "2008.11.26"]
[SourceQuality "1"]

1. e4 d5 2. exd5 Qxd5 3. Nc3 Qa5 4. g3 Nf6 5. Bg2 Bg4 6. Nge2 Nc6 7. h3 Bh5 8. 0-0 0-0-0 9. d3 e6 10. a3 Be7 11. Be3 Nd4 12. b4 Nxe2+ 13. Nxe2 Bxe2 14. Qxe2 Qa4 15. c4 c6 16. Rfc1 Nd7 17. b5 Nb8 18. Bf4 c5 19. Bxb8 Kxb8 20. Qf3 Rd7 21. Qxf7 Rhd8 22. Qf4+ Rd6 23. Re1 Qc2 24. Bf1 Rf8 25. Qe3 b6 26. Re2 Qxd3 27. Qxd3 Rxd3 28. Rxe6 Rd7 29. Rae1 Bf6 30. Kg2 Rdf7 31. f4 Kc7 32. Rd1 Bd4 33. Rde1 Kd7 34. h4 h6 35. Rg6 Bf6 36. Rd1+ Kc7 37. Rd3 Rd7 38. f5 Rxd3 39. Bxd3 Rd8 40. Bb1 Rd4 41. Kh3 Rxc4 42. Rg4 Rc1 43. Bd3 Rc3 44. Bc4 Rxa3 45. Re4 Kd7 46. Kg4 Bd4 47. Kf4 Bf2 48. g4 Bg3# 0-1

[Event "Niedersachsen-ch U16"]
[Site "Rotenburg"]
[Date "2008.03.16"]
[Round "3"]
[White "Schultheiss, Martin"]
[Black "Chmelev, Alex"]
[Result "0-1"]
[WhiteElo "1630"]
[BlackElo "1802"]
[PlyCount "71"]
[EventDate "2008.03.15"]
[EventType "swiss"]
[EventRounds "9"]
[EventCountry "GER"]
[SourceTitle "EXT 2009"]
[Source "ChessBase"]
[SourceDate "2008.11.26"]
[SourceVersion "1"]
[SourceVersionDate "2008.11.26"]
[SourceQuality "1"]

1. f4 c5 2. Nf3 Nc6 3. g3 g6 4. Bg2 Bg7 5. 0-0 Nf6 6. d3 0-0 7. e4 d6 8. Na3 Bd7 9. c3 a6 10. Nc2 b5 11. Qe1 e6 12. d4 cxd4 13. Ncxd4 Rc8 14. Bd2 Qb6 15. Kh1 Na5 16. e5 dxe5 17. Nxe5 Nc4 18. Nxc4 Rxc4 19. Rd1 Ng4 20. h3 Nf6 21. Be3 Qb8 22. Nb3 Bc6 23. Bxc6 Rxc6 24. Qe2 Nd5 25. Bd4 Rfc8 26. Bxg7 Kxg7 27. Nd4 Rc4 28. Rf3 b4 29. cxb4 Rxb4 30. Nb3 a5 31. Rf2 a4 32. Nd4 Qb6 33. Qe5+ Kg8 34. b3 Rc3 35. Kh2 Re3 36. Qg5 0-1

[Event "Niedersachsen-chT U14"]
[Site "Stade"]
[Date "2007.05.20"]
[Round "7.2"]
[White "Loewe, Lennard"]
[Black "Schultheiss, Martin"]
[Result "1-0"]
[WhiteElo "1366"]
[BlackElo "1516"]
[PlyCount "63"]
[EventDate "2007.05.17"]
[EventType "team-tourn"]
[EventRounds "7"]
[EventCountry "GER"]
[SourceTitle "EXT 2008"]
[Source "ChessBase"]
[SourceDate "2007.11.25"]
[SourceVersion "1"]
[SourceVersionDate "2007.11.25"]
[SourceQuality "1"]

1. a3 e5 2. c4 g6 3. Nc3 Bg7 4. Nf3 d6 5. d4 exd4 6. Nxd4 Nf6 7. g3 0-0 8. Bg2 c6 9. 0-0 Nbd7 10. Bf4 Nb6 11. Qd3 d5 12. cxd5 Nbxd5 13. Bg5 Nxc3 14. bxc3 h6 15. Bf4 Qe7 16. Rfd1 Bd7 17. Nb3 Rfe8 18. e4 Be6 19. Nd2 Rad8 20. Qc2 Qc5 21. Be3 Qh5 22. f3 b6 23. Nb3 Qb5 24. Nd4 Qc5 25. Bf2 Qc4 26. Bf1 Qc5 27. Nxe6 Qxf2+ 28. Kxf2 Rxd1 29. Rxd1 Rxe6 30. Bc4 Re7 31. Rd8+ Ne8 32. Qb3 1-0

[Event "Niedersachsen-chT U14"]
[Site "Stade"]
[Date "2007.05.17"]
[Round "2.2"]
[White "Schultheiss, Martin"]
[Black "Hapke, Nils"]
[Result "1-0"]
[WhiteElo "1516"]
[BlackElo "1233"]
[PlyCount "95"]
[EventDate "2007.05.17"]
[EventType "team-tourn"]
[EventRounds "7"]
[EventCountry "GER"]
[SourceTitle "EXT 2008"]
[Source "ChessBase"]
[SourceDate "2007.11.25"]
[SourceVersion "1"]
[SourceVersionDate "2007.11.25"]
[SourceQuality "1"]

1. e4 e6 2. d4 d5 3. Nc3 dxe4 4. Nxe4 Nd7 5. Nf3 Ngf6 6. Bd3 Be7 7. 0-0 b6 8. Bf4 Bb7 9. Re1 0-0 10. Qd2 c5 11. Rad1 cxd4 12. Nxf6+ Bxf6 13. Be4 Bxe4 14. Rxe4 Nc5 15. Ree1 Rc8 16. Nxd4 Bxd4 17. Qxd4 Qxd4 18. Rxd4 f6 19. Bd6 Rcd8 20. Red1 e5 21. Bxc5 Rxd4 22. Bxd4 Rd8 23. c3 exd4 24. Rxd4 Rxd4 25. cxd4 Kf7 26. Kf1 Ke6 27. Ke2 Kd5 28. Kd3 b5 29. b4 f5 30. h3 h6 31. g4 g6 32. f3 h5 33. Ke3 hxg4 34. hxg4 fxg4 35. fxg4 g5 36. Kd3 Kd6 37. Ke4 Ke6 38. d5+ Kd7 39. Ke5 Ke7 40. d6+ Kd8 41. Ke6 Ke8 42. d7+ Kd8 43. Kd6 a6 44. a3 a5 45. bxa5 b4 46. a6 bxa3 47. a7 a2 48. a8Q# 1-0

[Event "Niedersachsen-ch op"]
[Site "Verden"]
[Date "2007.01.04"]
[Round "1"]
[White "Holloway, Timo"]
[Black "Schultheiss, Martin"]
[Result "1-0"]
[WhiteElo "1995"]
[BlackElo "1598"]
[PlyCount "45"]
[EventDate "2007.01.04"]
[EventType "swiss"]
[EventRounds "7"]
[EventCountry "GER"]
[SourceTitle "EXT 2021"]
[Source "ChessBase"]
[SourceDate "2020.10.23"]
[SourceVersion "1"]
[SourceVersionDate "2020.10.23"]
[SourceQuality "1"]

1. e4 d5 2. exd5 Qxd5 3. Nc3 Qa5 4. d4 Nf6 5. Nf3 Bf5 6. Bd2 c6 7. Bc4 Qc7 8. Ne5 e6 9. Qe2 Bd6 10. 0-0-0 0-0 11. f3 Nbd7 12. g4 Bg6 13. h4 h5 14. Nxg6 fxg6 15. g5 Nd5 16. Qxe6+ Kh7 17. Nxd5 cxd5 18. Bd3 Rfe8 19. Bxg6+ Kh8 20. Bxe8 Rc8 21. c3 Nf8 22. Qf7 Qxf7 23. Bxf7 1-0

[Event "Niedersachsen-ch"]
[Site "Verden"]
[Date "2006.01.07"]
[Round "5"]
[White "Buetow, Ingo"]
[Black "Schultheiss, Martin"]
[Result "1-0"]
[WhiteElo "1615"]
[BlackElo "1141"]
[PlyCount "41"]
[EventDate "2006.01.??"]
[EventType "swiss"]
[EventRounds "7"]
[EventCountry "GER"]
[SourceTitle "CBM 110 Extra"]
[Source "ChessBase"]
[SourceDate "2006.03.10"]
[SourceVersion "2"]
[SourceVersionDate "2006.03.10"]
[SourceQuality "1"]

1. Nf3 f5 2. c4 g6 3. d4 Nf6 4. g3 Bg7 5. Bg2 0-0 6. b4 d6 7. Qb3 Qe8 8. Bb2 Nh5 9. c5+ Kh8 10. cxd6 cxd6 11. 0-0 e5 12. e3 f4 13. exf4 exf4 14. Re1 Qb5 15. a4 Qf5 16. Na3 Nc6 17. Nb5 d5 18. Nc7 Rb8 19. b5 Nf6 20. bxc6 Rf7 21. Re5 1-0

[Event "Niedersachsen-ch"]
[Site "Verden"]
[Date "2006.01.05"]
[Round "2"]
[White "Buss, Heiko"]
[Black "Schultheiss, Martin"]
[Result "1-0"]
[WhiteElo "1735"]
[BlackElo "1141"]
[PlyCount "63"]
[EventDate "2006.01.??"]
[EventType "swiss"]
[EventRounds "7"]
[EventCountry "GER"]
[SourceTitle "CBM 110 Extra"]
[Source "ChessBase"]
[SourceDate "2006.03.10"]
[SourceVersion "2"]
[SourceVersionDate "2006.03.10"]
[SourceQuality "1"]

1. e4 d5 2. exd5 Qxd5 3. Nc3 Qa5 4. d4 Nf6 5. Bd3 c6 6. Nge2 Bg4 7. 0-0 e6 8. Bd2 Qc7 9. Qe1 Bd6 10. Ng3 Nbd7 11. a3 h5 12. h3 h4 13. Nge4 Bh2+ 14. Kh1 Bh5 15. f4 Bg3 16. Nxg3 hxg3 17. Qxg3 0-0-0 18. Qe3 Rh6 19. Kg1 Nd5 20. Nxd5 exd5 21. f5 Nf6 22. Qf2 Rhh8 23. Bf4 Qe7 24. Bg5 Qd6 25. Qf4 Qd7 26. Rfe1 Rde8 27. Rxe8+ Rxe8 28. g4 Ne4 29. gxh5 f6 30. Bh4 Nd6 31. Bg3 Rd8 32. Re1 1-0